000 00788cab a22001935a 4500
001 L141914
008 080115s2008 xxk f 000 0 eng d
035 _a(Sirsi) u141914
041 0 _aeng
100 1 _aFarookhi, Imtiaz
245 0 0 _aSupporting an evolving industry
260 _c2008
490 0 _aBuilding Engineer
_v83(1) January 2008, 16-17(2)
520 _aDiscusses the National House Building Council's (NHBC's) viewpoint on achieving government's zero carbon homes target, and stresses the importance of bringing consumers into the debate. Looks at the NHBC's sustainability policy and highlights its range of publications on sustainability issues.
590 _aKA
651 4 _aUnited Kingdom
_y
690 _aBUILT ENVIRONMENT-SUSTAINABLE CONSTRUCTION
942 _n0
999 _c79655
_d79655